| 000 | 00343nam a2200133Ia 4500 | ||
|---|---|---|---|
| 008 | 240624s9999 xx 000 0 und d | ||
| 041 | _aeng | ||
| 082 | _a339.2 WAT | ||
| 100 | _aWATKINS DON | ||
| 245 | _aEQUAL ID UNFAIR AMERICA S MISGUIDED FIGH | ||
| 260 |
_c2016 _aNew York _bSt. Martin's Press |
||
| 300 | _a258 p.; 23 cm. | ||
| 365 |
_c _b33 |
||
| 999 |
_c32207 _d32207 |
||